| 000 | 00885cam a2200229 a 4500 | ||
|---|---|---|---|
| 001 | vtls003223007 | ||
| 003 | MY-SjTCS | ||
| 005 | 20200226114937.0 | ||
| 008 | 110820s2011 enka b 000 0 eng | ||
| 020 | _a9780521116466 (hbk.) | ||
| 039 | 9 |
_a201110141228 _bshuhada _c201110141226 _dshuhada _c201110141226 _dshuhada _c201110141225 _dshuhada _y201108201542 _zazura |
|
| 082 | 0 | 4 |
_a621.382 _bEME 2011 |
| 245 | 0 | 0 |
_aEmerging wireless technologies and the future mobile internet / _cedited by Dipankar Raychaudhuri, Mario Gerla. |
| 260 |
_aCambridge : _bCambridge University Press, _c2011. |
||
| 300 |
_axiii, 315 p. : _bill. ; _c25 cm |
||
| 504 | _aIncludes bibliographical references. | ||
| 650 | 0 | _aMobile communication systems. | |
| 650 | 0 |
_aWireless Internet. _912616 |
|
| 700 | 1 |
_aRaychaudhuri, Dipankar. _956577 |
|
| 700 | 1 |
_aGerla, Mario, _d1943- _955453 |
|
| 920 | _aSOCIT : 171521 | ||
| 999 | _c140666 | ||